| 000 | 00000nam##2200000za#4500 |
| 001 | 9.642125 |
| 003 | CaOODSP |
| 005 | 20210624223543 |
| 007 | cr ||||||||||| |
| 008 | 150407|2000||||xxc|||||o f|0| 0 fre|d |
| 040 | |aCaOODSP|bfre |
| 043 | |an-cn--- |
| 086 | 1 |aRH64-70/2000F-PDF |
| 110 | 1 |aCanada.|bDéveloppement des ressources humaines Canada. |bPolitique stratégique. |
| 245 | 13|aLa Loi sur l'assurance-emploi - incidence financière nette sur les travailleurs à temps plein et les travailleurs à temps partiel : |h[ressource électronique]|brapport final / |crédigé par : Peter Kuhn. |
| 260 | |aOttawa - Ontario : |bDéveloppement des ressources humaines Canada. |cNovembre 2000. |
| 300 | |a58p.|btableaux |
| 504 | |aBibliographie. |
| 590 | |a13-16-Supp|b2013-07-12 |
| 691 | 07|aAssurance-emploi|2gcpds |
| 691 | 07|aTravailleur|2gcpds |
| 775 | 08|tThe net fiscal incidence of the Employment Insurance Act on full- versus part-time workers : |w(CaOODSP)9.698131 |
| 856 | 40|ahttp://publications.gc.ca|qPDF|s217 Ko|uhttps://publications.gc.ca/collections/collection_2013/rhdcc-hrsdc/RH64-70-2000-fra.pdf |
| 986 | |aSP-AH128-11-00F |